Jewish fundamentalism in Israel / (Record no. 7185)
[ view plain ]
| 000 -LEADER | |
|---|---|
| fixed length control field | 01384cam a22003375a 4500 |
| 005 - DATE AND TIME OF LATEST TRANSACTION | |
| control field | 20150910092953.0 |
| 008 - FIXED-LENGTH DATA ELEMENTS--GENERAL INFORMATION | |
| fixed length control field | 150817t2004 -uk frb 001 0 eng d |
| 010 ## - LIBRARY OF CONGRESS CONTROL NUMBER | |
| LC control number | 2004484179 |
| 020 ## - INTERNATIONAL STANDARD BOOK NUMBER | |
| International Standard Book Number | 0745320910 |
| 020 ## - INTERNATIONAL STANDARD BOOK NUMBER | |
| International Standard Book Number | 0745320902 (pbk.) |
| 020 ## - INTERNATIONAL STANDARD BOOK NUMBER | |
| International Standard Book Number | 9780745320908 |
| 035 ## - SYSTEM CONTROL NUMBER | |
| System control number | (OCoLC)ocm56846656 |
| 040 ## - CATALOGING SOURCE | |
| Original cataloging agency | EG-ScBUE |
| Language of cataloging | eng |
| Transcribing agency | EG-ScBUE |
| 082 04 - DEWEY DECIMAL CLASSIFICATION NUMBER | |
| Classification number | 296.09569409045 |
| Item number | SHA |
| Edition number | 22 |
| 100 1# - MAIN ENTRY--PERSONAL NAME | |
| Personal name | Shahak, Israel. |
| 245 10 - TITLE STATEMENT | |
| Title | Jewish fundamentalism in Israel / |
| Statement of responsibility, etc | Israel Shahak and Norton Mezvinksy. |
| 250 ## - EDITION STATEMENT | |
| Edition statement | New ed. |
| 260 ## - PUBLICATION, DISTRIBUTION, ETC. (IMPRINT) | |
| Place of publication, distribution, etc | London ; |
| -- | Ann Arbor : |
| Name of publisher, distributor, etc | Pluto Press, |
| Date of publication, distribution, etc | c.2004. |
| 300 ## - PHYSICAL DESCRIPTION | |
| Extent | xxvi, 176 p. : |
| Dimensions | 22 cm. |
| 500 ## - GENERAL NOTE | |
| General note | Index : p. 169-176. |
| 505 0# - FORMATTED CONTENTS NOTE | |
| Formatted contents note | Jewish fundamentalism within Jewish society -- The rise of the Haredim in Israel -- The two main Haredi groups -- The national religious party and the religious settlers -- The nature of Gush Emunim settlements -- The real significance of Baruch Goldstein -- The religious background of Rabin's assassination. |
| 590 ## - LOCAL NOTE (RLIN) | |
| Local note | doaa moahamed |
| 650 #0 - SUBJECT ADDED ENTRY--TOPICAL TERM | |
| Topical term or geographic name as entry element | Jewish fundamentalism |
| Geographic subdivision | Israel. |
| Source of heading or term | BUEsh |
| 650 #0 - SUBJECT ADDED ENTRY--TOPICAL TERM | |
| Topical term or geographic name as entry element | Orthodox Judaism |
| Geographic subdivision | Israel. |
| Source of heading or term | BUEsh |
| 9 (RLIN) | 9018 |
| 650 #0 - SUBJECT ADDED ENTRY--TOPICAL TERM | |
| Topical term or geographic name as entry element | Orthodox Judaism |
| General subdivision | Political aspects |
| Geographic subdivision | Israel. |
| Source of heading or term | BUEsh |
| 650 #0 - SUBJECT ADDED ENTRY--TOPICAL TERM | |
| Topical term or geographic name as entry element | Religious fundamentalism |
| Geographic subdivision | Israel. |
| Source of heading or term | BUEsh |
| 650 #0 - SUBJECT ADDED ENTRY--TOPICAL TERM | |
| Topical term or geographic name as entry element | Political violence |
| Geographic subdivision | Israel. |
| Source of heading or term | BUEsh |
| 651 ## - SUBJECT ADDED ENTRY--GEOGRAPHIC NAME | |
| Source of heading or term | BUEsh |
| 653 ## - INDEX TERM--UNCONTROLLED | |
| Resource For college | BAEPS, Political Science |
| 700 1# - ADDED ENTRY--PERSONAL NAME | |
| Personal name | Mezvinsky, Norton. |
| Withdrawn status | Item status | Source of classification or shelving scheme | Damaged status | Not for loan | Home library | Current library | Shelving location | Date acquired | Source of acquisition | Total Checkouts | Total Renewals | Full call number | Barcode | Date last seen | Date last borrowed | Koha item type | Vendor | Cost, normal purchase price | Serial Enumeration / chronology |
|---|---|---|---|---|---|---|---|---|---|---|---|---|---|---|---|---|---|---|---|
| Dewey Decimal Classification | Central Library | Central Library | Lower Floor | 08/01/2015 | Purchase | 3 | 14 | 296.09569409045 SHA | 000008720 | 15/07/2025 | 27/11/2018 | Book - Borrowing | |||||||
| Dewey Decimal Classification | Central Library | Central Library | Lower Floor | 17/02/2009 | Purchase | 1 | 1 | 296.09569409045 SHA | 000014824 | 15/07/2025 | 15/04/2019 | NB - Book (Non borrowing) | Alahram | 217.40 | 368 |